UBT Library

Discussions of Shakespeare's sonnets. (Record no. 44912)

000 -LEADER
fixed length control field 00646cam a22002411 4500
001 - CONTROL NUMBER
control field 10325097
005 - DATE AND TIME OF LATEST TRANSACTION
control field 20180313094645.0
008 - FIXED-LENGTH DATA ELEMENTS--GENERAL INFORMATION
fixed length control field 720810s1964 mau b 000 0 eng
010 ## - LIBRARY OF CONGRESS CONTROL NUMBER
LC control number 64003202
035 ## - SYSTEM CONTROL NUMBER
System control number (OCoLC)377499
040 ## - CATALOGING SOURCE
Original cataloging agency DLC
Transcribing agency OO
Modifying agency OCoLC
-- ODaWU
-- DLC
041 ## - LANGUAGE CODE
Language code of text/sound track or separate title eng
042 ## - AUTHENTICATION CODE
Authentication code premarc
080 ## - UNIVERSAL DECIMAL CLASSIFICATION NUMBER
Universal Decimal Classification number 821.3 HER
082 ## - DEWEY DECIMAL CLASSIFICATION NUMBER
Classification number 821.3 HER
100 1# - Rafti
Rafti 21
101 ## - Shkurtesa
Shkurtesa GJL
245 10 - TITLE STATEMENT
Title Discussions of Shakespeare's sonnets.
504 ## - BIBLIOGRAPHY, ETC. NOTE
Bibliography, etc "Notes and suggestions for further reading": p. viii-ix.
504 ## - BIBLIOGRAPHY, ETC. NOTE
Bibliography, etc Bibliographical footnotes.
906 ## - LOCAL DATA ELEMENT F, LDF (RLIN)
a 7
b cbc
c oclcrpl
d u
e ncip
f 19
g y-gencatlg
942 ## - ADDED ENTRY ELEMENTS (KOHA)
Source of classification or shelving scheme
Item type Books
Holdings
Withdrawn status Lost status Source of classification or shelving scheme Damaged status Not for loan Collection code Permanent location Current location Shelving location Date acquired Total Checkouts Full call number Barcode Date last seen Price effective from Koha item type
          Koleksioni i përgjithshem UBT - Lipjan UBT - Lipjan Koleksioni i përgjithshem 03/13/2018   821.3 HER 002-3002101 03/13/2018 03/13/2018 Books
UBT Library © 2015-2024. All rights reserved University Education for Business and Technology